000 01034cam a22003257a 4500
001 000025565
003 CHAP
005 20220329134714.0
008 971013s1966 r 00010 d
010 _a24519
011 _a25491
035 _a29591
040 _cCHAP
090 _aFolleto 648
110 _aComité Interamericano de Desarrollo Agrícola
_925876
245 1 4 _aUna experiencia en diversificación de cultivos y desarrollo regional :
_b: Caldas, Colombia.
260 _aWashington :
_bUnión Panamericana,
_c1966.
300 _a24 p.
590 _aBATCH-UPD
_b10
_c20130110
_lUCH01
_h1832
590 _aBATCH-UPD
_b10
_c20130410
_lUCH01
_h1204
590 _aBATCH-UPD
_b10
_c20130914
_lUCH01
_h1927
590 _aCONVERSION
_b10
_c20130109
_lUCH01
_h1314
590 _aE6096MTM
_b05
_c20150428
_lUCH01
_h1406
650 1 4 _aPolítica agrícola.
_990283
650 1 4 _aProductos agrícolas
_xMercadeo.
_991951
901 _aBK
942 _cFOLL
942 _n0
949 _aFolleto 1379
_bBC
_cFOLL
_d-68373
_eTS1
_i29591
_si
999 _c24519
_d24519